| 000 | 00552nam a2200181Ia 4500 | ||
|---|---|---|---|
| 005 | 20250508163409.0 | ||
| 008 | 008 250505s9999 xx 000 0 hin d | ||
| 037 | _aTextual | ||
| 040 |
_aFEDL _beng _cFEDL |
||
| 041 |
_ahin _2eng |
||
| 084 |
_a891.430 9, GOY _qFEDL |
||
| 100 |
_aGoyal Murari Lal _9775261 |
||
| 245 | 0 | _aDwivedi yug: Gadya sahitya: Pandit madhav Prasad Mishra ka yogdan | |
| 260 |
_aDelhi, India _bSahitya Kendra Prakashan _c1987 |
||
| 300 | _a342p | ||
| 942 |
_cTEXL _h891.430 9, GOY |
||
| 999 |
_c1382819 _d1382819 |
||